|
|
|
|
| LEADER |
00662cam a2200205 a 4500 |
| 001 |
0000057542 |
| 005 |
20020124090000.0 |
| 040 |
|
|
|a mod
|
| 041 |
|
|
|a eng
|
| 020 |
|
|
|a 1564144380
|
| 090 |
0 |
0 |
|a 658.452
|b HOL 2000
|
| 100 |
1 |
|
|a Holliday
|h Micki
|
| 245 |
1 |
0 |
|a Secrets of power presentations
|b overcome your fear of public speaking
|c Micki Holliday
|
| 260 |
|
|
|a New Jersey
|b Career Press
|c 2000
|
| 300 |
|
|
|a xi,305p.
|b ill.
|c 25cm
|
| 650 |
0 |
0 |
|a Public speaking
|
| 650 |
0 |
0 |
|a Business presentations
|
| 852 |
0 |
0 |
|a 01
|
| 999 |
|
|
|a 0191128
|b KEMENTAH
|d BOOKS
|e Umum
|f Perpustakaan KEMENTAH
|j WEEDED
|q GOOD CONDITION
|
| 999 |
|
|
|a B000004247
|b 3 DIV
|d BOOKS
|e Umum
|f 3 DIV
|j AVAILABLE
|q GOOD CONDITION
|